| 000 | 04822cam a2200421 i 4500 | ||
|---|---|---|---|
| 001 | 20896883 | ||
| 003 | CSPC | ||
| 005 | 20250908123523.0 | ||
| 008 | 190320s2020 flu ob 001 0 eng | ||
| 010 | _a 2019013514 | ||
| 020 |
_a9780367024284 _q(hardback : alk. paper) |
||
| 035 | _a20896883 | ||
| 040 |
_aDLC _beng _erda _cDLC _dDLC _dCSPC |
||
| 042 | _apcc | ||
| 050 | 0 | 0 |
_aLB2341 _bG5528 2020 |
| 082 | 0 | 0 |
_a378.161 _bG510 _223 |
| 245 | 0 | 0 |
_aGlobal Lean for higher education : _ba themed anthology of case studies, approaches, and tools / _cedited by Stephen Yorkstone. |
| 250 | _aFirst edition. | ||
| 264 | 1 |
_aNew York, NY ; _aAbingdon, Oxon : _bRoutledge, _c2020. |
|
| 300 |
_axxxvi, 414 pages : _billustrations ; _c24 cm. |
||
| 336 |
_atext _2rdacontent |
||
| 337 |
_aunmediated _2rdamedia |
||
| 338 |
_avolume _2rdacarrier |
||
| 500 | _a"A Routledge title, part of the Taylor & Francis imprint, a member of the Taylor & Francis Group, the academic division of T&F Informa plc." | ||
| 504 | _aIncludes bibliographical references and index. | ||
| 505 | 0 | _aSection I. Starting out -- Establishing process improvement capability in higher education -- Tools to get you started -- Value stream mapping (VSM) as a tool for creating a lean culture in a university -- "Lean" into your service model: an institutional case study using library systems -- Developing a continuous improvement service: from inception to reality in 18 months -- Section II. People -- Identity and values to drive respect for people: a case-study based on embedding kindness as an organizational value -- Inspiring sustainable higher education and lean through a lean ambassadors network -- Improving performance through engagement: the impact of daily stand ups in the University of Strathclyde -- Lean transformation management among employees in Universiti Putra Malaysia -- Section III. Projects -- Applying lean in projects; from visualisations to process engineering - it's covered! -- BOSCARD: a scoping tool for lean continuous improvement projects -- Six Sigma as a method for improving university processes: the case of the academic assessment process -- Lean training to lean projects -- Section IV. Technology -- Machine leaning - adopting lean into a university IT culture -- Can information services lead a network of change agents in a HEI? -- Lean, Kanban and agile, a story of continuous improvement in a university software team -- Every organisation needs a mole -- Section V. Sustaining -- Head, heart, hands: the three essentials to sustaining lean in HE -- Lessons from implementing lean at the Veterinary Teaching Hospital -- Cardiff University. A lean university or a better university? -- Section VI. Culture -- Developing a culture - the essentials for continuous improvement -- Growing a lean approach in a changing university -- Making sense of learning, practice and theory -- What if we knew the future could be different! | |
| 520 |
_a"This book collects a series of investigations that reflect the state-of-the-art in the global practical application of Lean for Higher Education (HE). The contributions introduce and describe the practical application of Lean in HE so that other practitioners can learn from these experiences, and apply effective practice in their institutions. The book demonstrates the diversity of how Lean is applied in universities in a way that will inspire others to deeply engage with Lean thinking in their own unique context to drive successful and sustainable Lean work. During the past five years, Lean HE has brought together many practitioners whose Lean initiatives have resulted in major improvements throughout the process. This book is not focused on Lean theory -- it discusses how HE institutions have taken Lean forward, what they have achieved with it, and how others can learn and tactically apply the approaches and tools to their respective institutions. Essentially, the book allows the reader to understand the different ways that Lean thinking is applied in global Higher Education. Authors from a wide variety of international institutions with different profiles bring a rich and wide set of perspectives"-- _cProvided by publisher. |
||
| 588 | _aDescription based on print version record. | ||
| 650 | 0 |
_aUniversities and colleges _xAdministration _vCase studies. |
|
| 650 | 0 |
_aEducation, Higher _xPlanning. |
|
| 655 | 7 |
_aCase studies. _2lcgft _0https://id.loc.gov/authorities/genreForms/gf2017026140 |
|
| 700 | 1 |
_aYorkstone, Stephen, _eeditor. |
|
| 906 |
_a7 _bcbc _corigcop _d1 _eecip _f20 _gy-gencatlg |
||
| 942 |
_2ddc _cBK _e23 _h378.161 _iG510 _kGRD _m2020 _n0 |
||
| 999 |
_c30410 _d30410 |
||